MANAGEMENT CONTROL SYSTEM (Record no. 284691)

MARC details
000 -LEADER
fixed length control field 00376pam a2200145a 44500
008 - FIXED-LENGTH DATA ELEMENTS--GENERAL INFORMATION
fixed length control field 230405s2003 xxu||||| |||| 00| 0 eng d
041 ## - LANGUAGE CODE
Language code of text/sound track or separate title ENG
100 ## - MAIN ENTRY--PERSONAL NAME
Personal name ANTHONY ROBERT N.
245 ## - TITLE STATEMENT
Title MANAGEMENT CONTROL SYSTEM
260 ## - PUBLICATION, DISTRIBUTION, ETC.
Place of publication, distribution, etc. NEW DELHI
Name of publisher, distributor, etc. TATA MCGRAW HILL PUB.,NEW DEHLI -
Date of publication, distribution, etc. 2003
300 ## - PHYSICAL DESCRIPTION
Extent 888
650 ## - SUBJECT ADDED ENTRY--TOPICAL TERM
Topical term or geographic name entry element MANAGEMENT CONTROL SYSTEM
690 ## - LOCAL SUBJECT ADDED ENTRY--TOPICAL TERM (OCLC, RLIN)
Topical term or geographic name as entry element MBA
906 ## - LOCAL DATA ELEMENT F, LDF (RLIN)
a 3880
Holdings
Withdrawn status Lost status Damaged status Not for loan Collection Home library Current library Shelving location Date acquired Source of acquisition Cost, normal purchase price Total Checkouts Full call number Barcode Date last seen Price effective from Koha item type
          Yashwantrao Mohite Institute of Management, Karad Yashwantrao Mohite Institute of Management, Karad   30/04/2007 COMPUTER HUT , PUNE 350.00   658.4013 YMK-MBK-6293 17/04/2023 17/04/2023 Book